| 000 -ლიდერი |
| ფიქსირებული სიგრძის საკონტროლო ველი |
01976nam a2200313Ia 4500 |
| 001 - საკონტროლო ნომერი |
| საკონტროლო ველი |
22692 |
| 003 - საკონტროლო ნომრის იდენტიფიკატორი |
| საკონტროლო ველი |
GE_BSU |
| 005 - ბოლო ოპერაციის თარიღი და დრო |
| საკონტროლო ველი |
20230418165440.0 |
| 008 - ფიქსირებული სიგრძის მონაცემთა ელემენტები - ზოგადი ინფორმაცია |
| ფიქსირებული სიგრძის საკონტროლო ველი |
181216s ||||ge |||||||||||||| ||geo|| |
| 020 ## - წიგნის საერთაშორისო სტანდარტული ნომერი |
| International Standard Book Number |
9789941937354 |
| 040 ## - კატალოგიზაციის წყარო |
| Transcribing agency |
GE_BSU |
| 041 ## - ენის კოდი |
| Language code of text/sound track or separate title |
geo |
| 080 ## - უნივერსალური ათობითი კლასიფიკაციის ინდექსი |
| Universal Decimal Classification number |
373.3+37.091.21 ე-28 |
| 100 ## - მთავარი ჩანაწერი - პიროვნების სახელი |
| Personal name |
ევერტსონი, კაროლინ |
| 9 (RLIN) |
17664 |
| 245 ## - ცნობა სათაურის შესახებ |
| Title |
კლასის მართვა : |
| Remainder of title |
დაწყებითი სწავლების მასწავლებელთათვის / |
| Statement of responsibility, etc |
კაროლინ ევერტსონი, მ. ედმუნდ, ტ. ემერი ; მთარგმნ. გურამ აბაშიძე ; რედ. მანანა ბოჭორიშვილი. |
| 264 ## - წარმოების, გამოცემის, დისტრიბუციის და სხვა ცნობები |
| გამოცემის, წარმოების, დისტრიბუციის... ადგილი |
თბილისი ; |
| გამოცემის, წარმოების, დისტრიბუციის... სახელწოდება |
უსტარი, |
| გამოცემის, წარმოების, დისტრიბუციის... თარიღი |
2014. |
| 300 ## - ფიზიკური აღწერა |
| Extent |
302 გვ. : |
| Other physical details |
ილ. ; |
| Dimensions |
21 სმ. |
| 500 ## - ზოგადი შენიშვნა |
| General note |
დაფინანსებულია საქ-ში აშშ-ს საელჩოს წიგნების თარგმნის პროგრამის ფარგლებში |
| 520 ## - SUMMARY, ETC. |
| Summary, etc |
დაფინანსებულია საქ-ში აშშ-ს საელჩოს წიგნების თარგმნის პროგრამის ფარგლებში |
| 653 ## - INDEX TERM--UNCONTROLLED |
| Uncontrolled term |
დაწყებითი განათლება |
| 653 ## - INDEX TERM--UNCONTROLLED |
| Uncontrolled term |
კლასის მართვა : დაწყებითი სწავლების მასწავლებელთათვის |
| 653 ## - INDEX TERM--UNCONTROLLED |
| Uncontrolled term |
პედაგოგიკა |
| 700 ## - ADDED ENTRY--PERSONAL NAME |
| Personal name |
ედმუნდ, მ. |
| Relator term |
ავტორი |
| 9 (RLIN) |
17665 |
| 700 ## - ADDED ENTRY--PERSONAL NAME |
| Personal name |
ემერი, ტ. |
| Relator term |
ავტორი |
| 9 (RLIN) |
17666 |
| 700 ## - ADDED ENTRY--PERSONAL NAME |
| Personal name |
აბაშიძე, გურამ |
| Relator term |
მთარგმნელი |
| 9 (RLIN) |
17667 |
| 700 ## - ADDED ENTRY--PERSONAL NAME |
| Personal name |
ბოჭორიშვილი, მანანა |
| Relator term |
რედაქტორი |
| 9 (RLIN) |
7165 |
| 942 ## - ADDED ENTRY ELEMENTS (KOHA) |
| Koha item type |
წიგნი |
| Source of classification or shelving scheme |
|